00394nam a22001337a 4500008004100000020001500041040001500056050002800071245007400099250001100173260003900184300001800223700001900241161103b xxu||||| |||| 00| 0 eng d a0857110626 aKABUcKABU aRS91b.R46 2013 V.1 C.1 aRemingtonbthe science and practice of pharmacycedited Loyd V. Allen a22 ed. aUKbPhP pharmaceutical pressc2013 axxii, 1852 p. aAllen, Loyd V.